|
|
|
|
| LEADER |
02903nam a22004695i 4500 |
| 001 |
978-1-4419-1728-7 |
| 003 |
DE-He213 |
| 005 |
20151204141432.0 |
| 007 |
cr nn 008mamaa |
| 008 |
100628s2010 xxu| s |||| 0|eng d |
| 020 |
|
|
|a 9781441917287
|9 978-1-4419-1728-7
|
| 024 |
7 |
|
|a 10.1007/978-1-4419-1728-7
|2 doi
|
| 040 |
|
|
|d GrThAP
|
| 050 |
|
4 |
|a R895-920
|
| 072 |
|
7 |
|a MMPH
|2 bicssc
|
| 072 |
|
7 |
|a MMP
|2 bicssc
|
| 072 |
|
7 |
|a MED008000
|2 bisacsh
|
| 082 |
0 |
4 |
|a 616.0757
|2 23
|
| 100 |
1 |
|
|a Shah, Biren.
|e author.
|
| 245 |
1 |
0 |
|a Breast Imaging Review
|h [electronic resource] :
|b A Quick Guide to Essential Diagnoses /
|c by Biren Shah, Gina Fundaro, Sabala Mandava.
|
| 250 |
|
|
|a First.
|
| 264 |
|
1 |
|a New York, NY :
|b Springer New York,
|c 2010.
|
| 300 |
|
|
|a XII, 238 p. 366 illus., 43 illus. in color.
|b online resource.
|
| 336 |
|
|
|a text
|b txt
|2 rdacontent
|
| 337 |
|
|
|a computer
|b c
|2 rdamedia
|
| 338 |
|
|
|a online resource
|b cr
|2 rdacarrier
|
| 347 |
|
|
|a text file
|b PDF
|2 rda
|
| 505 |
0 |
|
|a Part 1. Mammography and Ultrasound Case Review -- Part 2. MRI Case Review -- Part 3. Appendix: I. Interventional Breast Technique Pearls (MRI Wire Localization -- MRI Guided Vacuum Assisted Breast Biopsy -- Ultrasound Guided Core Biopsy -- Ultrasound-Guided Cyst Aspiration -- MRI-Guided Wire Localization -- Galactography) II. High Yield Facts.
|
| 520 |
|
|
|a Breast Imaging Review: A Quick Guide to Essential Diagnoses serves as a quick review of essential radiology findings for interpreting multimodality images of the breast. The book includes 92 easy-to-read cases presenting common diagnoses, with over 360 high-quality figures encompassing mammography, ultrasound, MRI, and PET images. Also included are concise pearls covering the basics of interventional breast procedures, such as MRI-guided breast biopsy, galactography, and ultrasound-guided cyst aspirations, along with high yield facts vital to the practice of breast imaging. Co-authored by Drs. Biren A. Shah, Gina M. Fundaro, and Sabala Mandava, this book successfully integrates a comprehensive array of images, diagnoses, and discussion points into a quickly reviewable format. Breast Imaging Review is a valuable resource for radiology residents preparing to take the oral boards, as well as fellows and practicing radiologists interested in reviewing the basics of breast imaging interpretation and interventional procedures.
|
| 650 |
|
0 |
|a Medicine.
|
| 650 |
|
0 |
|a Radiology.
|
| 650 |
1 |
4 |
|a Medicine & Public Health.
|
| 650 |
2 |
4 |
|a Imaging / Radiology.
|
| 650 |
2 |
4 |
|a Diagnostic Radiology.
|
| 700 |
1 |
|
|a Fundaro, Gina.
|e author.
|
| 700 |
1 |
|
|a Mandava, Sabala.
|e author.
|
| 710 |
2 |
|
|a SpringerLink (Online service)
|
| 773 |
0 |
|
|t Springer eBooks
|
| 776 |
0 |
8 |
|i Printed edition:
|z 9781441917270
|
| 856 |
4 |
0 |
|u http://dx.doi.org/10.1007/978-1-4419-1728-7
|z Full Text via HEAL-Link
|
| 912 |
|
|
|a ZDB-2-SME
|
| 950 |
|
|
|a Medicine (Springer-11650)
|